000 02510nam0a2200361 i 4500
001 RU\NLR\BIBL_A\010669762
005 20260408070141.0
010 _a9785794422382
_9200
021 _aRU
_b2014-94254
_95732
035 _a(NILC)RuMoRGB-007838929
035 _a(NLR Aleph) 010669762
090 _a9600784
_c9600784
100 _a20150210d2013 m y0rusy50 ca
101 0 _arus
102 _aRU
105 _aac z 010yy
200 1 _aТелевидение - судьба моя
_eо времени и о себе рассказывают выпускники филологического факультета Пермского университета, посвятившие свою деятельность телевидению
_fМ-во образования и науки Рос. Федерации, Федер. гос. бюджет. образоват. учреждение высш. проф. образования "Пермский гос. нац. исслед. ун-т"
_g[сост. И. В. Бурдина]
210 _aПермь
_cПермский государственный национальный исследовательский университет
_d2013
215 _a96 с., [9] л. ил., цв. ил., портр.
_d21
300 _aНа тит. л.: К 55-летию Пермского телевидения
601 0 2 _aПермский государственный национальный исследовательский университет
_bФилологический факультет
_jВоспоминания, записки и т.п
_xВыпускники
_92244742
_3RU\NLR\AUTH\6601577874
606 1 _aТелевидение
_jСборники
_yПермский край
_92133979
_3RU\NLR\AUTH\661591266
606 1 _aТележурналисты
_jВоспоминания, записки и т.п
_yПермский край
_92239890
_3RU\NLR\AUTH\6601575581
686 1 _aЧ632.4(2Р-4Пе)я43
686 1 _aЧ489.614.48
702 1 _aБурдина
_bИ. В.
_gИнга Владимировна
_4220
711 0 2 _4570
_aПермский государственный национальный исследовательский университет
_bФилологический факультет
_3RU\NLR\AUTH\8810211805
_9310707
801 0 _aRU
_bРГБ
_c20141216
_gRCR
801 1 _aRU
_bРГБ
_c20141216
_2rusmarc
942 _cBOOK
980 _aNBR